Discrete mathematics and its applications

Αποθηκεύτηκε σε:
Λεπτομέρειες βιβλιογραφικής εγγραφής
Κύριος συγγραφέας: Rosen, Kenneth H.
Μορφή: Βιβλίο
Γλώσσα:English
Δημοσίευση: Boston : WCB/McGraw-Hill, c1999.
Έκδοση:4th international ed.
Θέματα:
Ετικέτες: Προσθήκη ετικέτας
Δεν υπάρχουν, Καταχωρήστε ετικέτα πρώτοι!

MARC

LEADER 00000cam a2200000 i 4500
001 1/96216
008 991214s1999 mau| ||| |||| ||eng||
020 |a 0071167560 
035 |l 10055669 
040 |a GR-MyUa  |b gre  |e AACR2 
041 0 |a eng 
082 7 |a 511.30285   |2 (22)  
082 7 |a 511.1   |2 (22)  
100 1 |a Rosen, Kenneth H. 
245 1 0 |a Discrete mathematics and its applications /   |c Kenneth H. Rosen.  
250 |a 4th international ed. 
260 |a Boston :   |b WCB/McGraw-Hill,   |c c1999.  
300 |a xxii, 678 σ. :   |b εικ. ;   |c 26 εκ. 
504 |a Βιβλιογραφία: σ. B-1 B-7. Ευρετήριο.  
650 0 |a Mathematics. 
650 0 |a Computer science  |x Mathematics. 
765 0 8 |t Διακριτά μαθηματικά και εφαρμογές τους /  
852 |a INST  |b SAMOS  |e 19991214  |h 511.30285 ROS  |p 005300016258  |q 005300016258  |t BK  |y 0 
852 |a INST  |b SAMOS  |e 20000526  |h 511.30285 ROS  |p 005300017372  |q 005300017372  |t BK  |y 23 
852 |a INST  |b SAMOS  |e 20000526  |h 511.30285 ROS  |p 005300017374  |q 005300017374  |t BK  |y 0 
852 |a INST  |b SAMOS  |e 20000526  |h 511.30285 ROS  |p 005300017375  |q 005300017375  |t BK  |y 0 
852 |a INST  |b SAMOS  |e 20000526  |h 511.30285 ROS  |p 005300017376  |q 005300017376  |t BK  |y 0 
852 |a INST  |b SAMOS  |e 20000526  |h 511.30285 ROS  |p 005300017377  |q 005300017377  |t BK  |y 0 
852 |a INST  |b SAMOS  |e 20000526  |h 511.30285 ROS  |p 005300017378  |q 005300017378  |t BK  |y 0 
852 |a INST  |b SAMOS  |e 20000526  |h 511.30285 ROS  |p 005300017379  |q 005300017379  |t BK  |y 0 
852 |a INST  |b SAMOS  |e 20000911  |h 511.30285 ROS  |p 005300017492  |q 005300017492  |t BK  |y 0 
852 |a INST  |b SAMOS  |e 20000911  |h 511.30285 ROS  |p 005300017493  |q 005300017493  |t BK  |y 23 
852 |a INST  |b SYROS  |e 20000526  |h 511.1 ROS  |p 005500000475  |q 005500000475  |t BK  |y 0 
901 |a BIBL3-2000-2 
901 |a BIBL3-1999-3 
922 |a 3ΕΛΗ  |b 200002  |c ΤΠΕΣ/ΠΟΛ  |d LEADER 
922 |a 5ΕΛΗ  |b 200002  |c ΤΠΕΣ/ΠΟΛ  |d LEADER 
922 |a 3ΕΛΗ  |b 199911  |c ΕΠΕΑΕΚ/ΜΑΘ  |d LEADER 
970 |a Πουρνάρας  |b Δημήτρης  |z 14/12/1999